| 000 | 00778cam a2200229 a 4500 | ||
|---|---|---|---|
| 999 |
_c7562 _d7562 |
||
| 003 | OSt | ||
| 005 | 20200313105436.0 | ||
| 008 | 051215s2005 enk b 001 0 eng | ||
| 020 | _a0761968210 | ||
| 082 | 0 | 0 |
_a301 _222 _bCRA |
| 245 | 0 | 4 |
_aThe Sage handbook of sociology / _cedited by Craig Calhoun, Chris Rojek, and Bryan Turner. |
| 260 |
_aLondon ; _aThousand Oaks, Calif. : _bSage Publications, _c2005. |
||
| 300 |
_axv, 590 ; _c26 cm. |
||
| 504 | _aIncludes bibliographical references and index. | ||
| 650 | 0 | _aSociology. | |
| 700 | 1 |
_aCalhoun, Craig J., _d1952- |
|
| 700 | 1 | _aRojek, Chris. | |
| 700 | 1 | _aTurner, Bryan S. | |
| 710 | 2 | _aSage Publications. | |
| 856 | 4 | 2 |
_3Publisher description _uhttp://www.loc.gov/catdir/enhancements/fy0657/2004447943-d.html |
| 942 | _2ddc | ||